000 00539nam a2200169 i 4500
001 102565
003 ES-MaACL
005 20230906183133.0
007 t|
008 051117s1981 sp ||||1| spa d
100 1 _aMerino Navarro, José Patricio.
_980547
245 1 3 _aLa armada española en el siglo XVIII /
_cJosé P. Merino Navarro.
260 _aMadrid :
_bFundación Universitaria Española,
_c1981.
300 _a438 p. ;
_c21 cm.
710 2 _aFundación Universitaria Española.
_94426
852 _aES-MaACL
_jL-3701
_bR.104787
999 _c102565
_d102565